[Event "71st MNE-ch 2019"]
[Site "Podgorica"]
[Date "2019.05.18"]
[Round "1.12"]
[White "Bacic, Kristina"]
[Black "Milovic, Jovan"]
[Result "0-1"]
[WhiteElo "1819"]
[BlackElo "2280"]
[Annotator "TA"]
[PlyCount "46"]
[EventDate "2019.05.18"]
[EventType "swiss"]
[EventRounds "9"]
[EventCountry "MNE"]
[SourceTitle "playchess.com"]
[Source "ChessBase"]
[SourceQuality "1"]

{[%evp 9,46,-22,12,6,7,15,164,179,153,179,177,158,185,102,111,112,120,45,2,43,38,-5,-18,0,-9,-60,-60,-357,-218,-1106,-1100,-29991,-29992,-29992,-29987,-29996,-29997,-29997,-29998]} 1. d4 e5 2. c4 exd4 (2... Nc6 3. Nc3 a6 4. e4 Nf6 5. Nf3 b5 6. Be2 Be7 7. O-O d6 8. Be3 O-O 9. Bg5 Na5 10. h3 c5 {1-0 (21) Troff,K (2543)-Mousseri,D (2240) Las Vegas 2016}) 3. Qxd4 Nc6 4. Qe4+ Be7 5. Bg5 d5 $146 ({Predecessor:} 5... h6 6. Bxe7 Ngxe7 7. Nc3 O-O 8. e3 d6 9. Qc2 Bf5 10. Qd2 {½-½ (19) Kudischewitsch,D (2367)-Gershkowich,D (2340) Petah Tiqwa 2009}) 6. cxd5 {A40: Unusual replies to 1 d4} f5 7. Qc4 Nb4 (7... Ne5 $11 {and Black stays safe.} 8. Qb5+ Qd7 9. Qxd7+ Bxd7 10. Bxe7 Nxe7) 8. Bxe7 $18 {White is clearly better.} Qxe7 9. a3 Na6 10. Nc3 Nf6 11. Qb5+ (11. e3 $18) 11... c6 $16 12. dxc6 O-O 13. Nd5 (13. Nf3 $16) 13... Nxd5 $14 14. Qxd5+ Be6 15. Qb5 Nc5 {[#] And now ...bxc6 would win.} 16. Rc1 $1 Nb3 17. Rc3 ({Much weaker is} 17. Qxb7 Qd6 $17) ({White should try} 17. cxb7 $11 Rab8 18. Rc3) 17... bxc6 $15 18. Qxc6 $2 {[%mdl 8192]} ({White should play} 18. Qb4 $15 Qxb4 19. axb4) 18... Rac8 $40 {[%mdl 128] Black is out for blood.} 19. Qf3 $2 (19. Qb5) 19... Rxc3 $19 {[%mdl 64] [#] Overworked Piece} 20. bxc3 Qxa3 {[%cal Ra3c1] Black mates.} 21. e3 Rd8 22. Be2 Qc1+ {[%mdl 64] Double Attack} 23. Bd1 Qxc3+ {Accuracy: White = 22%, Black = 48%.} 0-1

[Event "71st MNE-ch 2019"]
[Site "Podgorica"]
[Date "2019.05.18"]
[Round "1.13"]
[White "Kontic, Djordjije"]
[Black "Ljeskovic, Luka"]
[Result "1-0"]
[WhiteElo "2264"]
[BlackElo "1710"]
[Annotator "TA"]
[PlyCount "37"]
[EventDate "2019.05.18"]
[EventType "swiss"]
[EventRounds "9"]
[EventCountry "MNE"]
[SourceTitle "playchess.com"]
[Source "ChessBase"]
[SourceQuality "1"]

{[%evp 9,37,-35,-17,-60,-8,-25,4,8,43,37,49,67,77,60,214,202,214,177,269,221,592,469,493,477,476,480,683,660,683,537]} 1. e4 c6 2. Ne2 d5 3. e5 c5 (3... Bf5 4. Ng3 Bg6 5. h4 h6 6. h5 Bh7 7. e6 Qd6 8. exf7+ Kxf7 9. d4 e5 10. dxe5 Qxe5+ 11. Be2 Bc5 {0-1 (55) Mamedov,R (2703)-Van Foreest,J (2614) Skopje 2018}) 4. b4 cxb4 5. a3 Nc6 6. Bb2 {B10: Caro-Kann: 2 d3 and 2 c4} Bf5 $146 ({Better is} 6... Qb6 $15) ({Predecessor:} 6... e6 7. Ng3 Qh4 8. d4 Bd7 9. Be2 g6 10. O-O h5 11. axb4 Bxb4 {1-0 (60) Arribas Lopez,A (2526)-Alarcia Astiz,C (2337) Madrid 2016}) 7. axb4 Nxb4 8. Nd4 {The position is equal.} Qc8 9. Bb5+ Bd7 10. Bxd7+ Qxd7 11. e6 $1 $36 {[%cal Re6d7][%mdl 2048] Black is under pressure.} Qc7 $2 {[#]} (11... fxe6 $14 12. O-O Nh6) 12. O-O $18 {[%mdl 1024] White has strong compensation.} ({Inferior is} 12. exf7+ Kxf7 13. Na3 (13. Qf3+ Nf6 $11) 13... Qe5+ 14. Qe2 Qxe2+ 15. Kxe2 Nf6 $11) 12... Nf6 13. Re1 g6 (13... Nc6 $142 14. Qe2 Nxd4 15. Bxd4 (15. exf7+ Kxf7 16. Bxd4 Qd7 $14) 15... fxe6) 14. Nc3 Qf4 $2 (14... Bg7 15. Ba3 Qb6) 15. Ncb5 {White is clearly winning.} Ng4 16. Nf3 f6 17. Ra4 Qc4 (17... Bg7 $142 18. Ba3 a5 19. Bxb4 Rd8) 18. Nfd4 h5 19. d3 {Accuracy: White = 79%, Black = 20%.} 1-0

[Event "71st MNE-ch 2019"]
[Site "Podgorica"]
[Date "2019.05.18"]
[Round "1.14"]
[White "Sabotic, Denis"]
[Black "Sukovic, Andrej"]
[Result "0-1"]
[WhiteElo "1682"]
[BlackElo "2221"]
[Annotator "TA"]
[PlyCount "61"]
[EventDate "2019.05.18"]
[EventType "swiss"]
[EventRounds "9"]
[EventCountry "MNE"]
[SourceTitle "playchess.com"]
[Source "ChessBase"]
[SourceQuality "1"]

{[%evp 9,61,0,26,18,16,16,34,10,11,1,7,0,8,6,28,13,39,20,60,5,12,0,9,-7,0,0,38,-47,-50,-39,-41,-37,-35,-75,0,-94,-107,-81,-60,-296,-289,-270,-253,-279,-270,-273,-89,-970,-959,-1510,-1366,-1408,-1270,-1151]} 1. e4 c5 2. Nf3 d6 3. h3 Nf6 4. Nc3 e5 (4... a6 5. a4 Nc6 6. d4 cxd4 7. Nxd4 g6 8. Be3 Bg7 9. g3 O-O 10. Bg2 Bd7 11. O-O Ne5 12. Nde2 Nc4 {½-½ (40) Nakamura,H (2769)-Vachier Lagrave,M (2789) Paris 2018}) 5. Bb5+ Bd7 6. Bxd7+ {B50: Sicilian: 2...d6, Miscellaneous} Qxd7 7. d3 h6 $146 ({Predecessor:} 7... Be7 8. O-O Nc6 9. Bg5 h6 10. Bxf6 Bxf6 11. Nd5 O-O-O 12. Re1 Rhg8 13. Ne3 g6 14. Ng4 Bg7 15. Qd2 h5 16. Nh6 Bxh6 17. Qxh6 Rh8 {½-½ (17) Stanisic,N-Stankov,A Belgrade 2004}) 8. Be3 {White is slightly better.} Nc6 9. Nd5 Nxd5 10. exd5 Ne7 11. c4 f5 12. O-O b6 13. Re1 g6 14. a3 ({White should play} 14. b4 $14) 14... Bg7 $11 15. Rb1 O-O 16. Nh2 f4 17. Bd2 Rf5 18. g4 (18. Nf3 $14) 18... fxg3 $1 $15 19. fxg3 Raf8 20. g4 R5f7 $36 {[%mdl 2048] White is under pressure.} 21. Rf1 e4 ({Black should try} 21... g5 $17) 22. Be3 (22. Qe2 $1 $11 {keeps the balance.}) 22... Rxf1+ $17 {[%mdl 64] Overworked Piece} 23. Nxf1 Rf3 24. Kg2 $2 (24. dxe4 $15 Rxh3 25. Bf2) 24... h5 $19 25. dxe4 hxg4 {Strongly threatening ...Nf5!} 26. h4 Be5 {aiming for ...Nf5!} 27. b4 {[#]} g5 $1 {[%mdl 512]} 28. h5 $2 {[%mdl 8192]} (28. Bxg5 $17 Ng6 29. bxc5) 28... Qe8 {Black is clearly winning.} 29. Qe2 Qxh5 30. bxc5 bxc5 31. Rb8+ {Accuracy: White = 31%, Black = 36%.} 0-1

[Event "71st MNE-ch 2019"]
[Site "Podgorica"]
[Date "2019.05.18"]
[Round "1.15"]
[White "Stankovic, Zarko"]
[Black "Rakic, Tijana"]
[Result "1-0"]
[WhiteElo "2218"]
[BlackElo "1579"]
[Annotator "TA"]
[PlyCount "65"]
[EventDate "2019.05.18"]
[EventType "swiss"]
[EventRounds "9"]
[EventCountry "MNE"]
[SourceTitle "playchess.com"]
[Source "ChessBase"]
[SourceQuality "1"]

{[%evp 9,65,13,37,12,23,27,47,49,54,28,30,22,29,10,18,13,18,7,44,-26,-30,-89,-98,-98,-103,-108,-119,-131,-156,-160,-171,-174,-148,-289,-215,-222,-169,-172,-10,-18,-15,-8,-14,-30,62,54,103,0,0,0,25,20,64,0,1604,1520,29998,29999]} 1. e4 d5 2. exd5 Qxd5 3. Nc3 Qd6 4. Nf3 Nf6 5. Qe2 (5. d4 Bg4 6. h3 Bh5 7. g4 Bg6 8. Ne5 Nbd7 9. Bf4 Nxe5 10. Bxe5 Qb6 11. Qf3 O-O-O 12. O-O-O e6 13. Bd3 Bb4 14. Bxg6 hxg6 {½-½ (55) Caruana,F (2828)-Moranda,W (2593) chess.com INT 2019}) 5... g6 $146 ({Predecessor:} 5... a6 6. Ne4 Nxe4 7. Qxe4 Nc6 8. Bc4 g6 9. d3 Bg7 10. O-O Bf5 11. Qh4 h6 12. Rb1 g5 {½-½ (37) Cova,R (2124)-De Kerpel,S (2237) Ottawa 2014}) 6. g3 {B01: Scandinavian Defence} Bg7 7. Bg2 c6 8. O-O {White is slightly better.} Bg4 9. h3 (9. Re1 {feels hotter.} Qe6 10. Qd1 Qf5 11. d3 Nbd7 12. Bf4) 9... Bxf3 10. Bxf3 O-O 11. d3 e5 12. Re1 Nbd7 13. h4 Nd5 14. Qe4 (14. Nxd5 $14 cxd5 15. c4) 14... Nc5 $11 15. Qc4 (15. Qe2 $1 $11 {keeps the balance.}) 15... Nxc3 $1 $17 16. bxc3 b5 $36 {[%mdl 2048] Keeping White busy.} 17. Qg4 {[#]} e4 $1 {[%mdl 512]} 18. dxe4 Bxc3 19. Bh6 Bxe1 20. Rxe1 Rfe8 $1 21. Be3 (21. e5 $17 Rxe5 22. Rxe5 Qxe5 23. Bxc6) 21... Qe5 {[%cal Rc5e4]} 22. h5 Qc3 23. Rc1 Re6 $2 (23... Rad8 $19 24. hxg6 fxg6) 24. hxg6 $11 hxg6 25. Rd1 $1 {And now Bd4 would win.} Rf6 $1 26. Kg2 Rxf3 (26... Qxc2 $2 27. Rc1 $18) (26... Ne6 $11) 27. Qxf3 $14 {Threatens to win with e5!} Re8 {[#]} 28. Rd6 ({Much weaker is} 28. Bxc5 Qxc5 29. Rd7 Re7 $11) ({White should play} 28. e5 $1 $16 {[%mdl 512]} Qxc2 (28... Qxe5 29. Bd4) 29. Qxc6 (29. Rc1 Nd3 $11 {[%mdl 64] Double Attack}) 29... Qxd1 30. Qxe8+ Kg7 31. Bh6+ {[%mdl 64] Decoy} (31. Qxb5 Nd3 $14) 31... Kxh6 32. Qf8+ {[%mdl 64] Double Attack} Kg5 33. Qxc5 {[%mdl 64] Double Attack}) 28... Nxe4 $11 {[#]} 29. Rd7 $1 {[%mdl 576] Double Attack} Nf6 30. Rxa7 Re6 31. Qd1 (31. Qf4 $14 Qe5 32. Qxe5 Rxe5 33. a4 bxa4 34. Bd4 (34. Rxa4 Re4 $14)) 31... Nd5 $2 {[%mdl 8192]} (31... Rxe3 $11 32. fxe3 Qxe3 33. Qd8+ Kg7) 32. Ra8+ $18 Kh7 33. Qh1+ {Accuracy: White = 44%, Black = 21%.} 1-0

[Event "71st MNE-ch 2019"]
[Site "Podgorica"]
[Date "2019.05.18"]
[Round "1.16"]
[White "Popovic, Mateja"]
[Black "Vujacic, Igor"]
[Result "0-1"]
[WhiteElo "1436"]
[BlackElo "2205"]
[Annotator "ChessBase"]
[PlyCount "50"]
[EventDate "2019.05.18"]
[EventType "swiss"]
[EventRounds "9"]
[EventCountry "MNE"]
[SourceTitle "playchess.com"]
[Source "ChessBase"]
[SourceQuality "1"]
[TimeControl "40/5400+30:1800+30"]

1. d4 Nf6 2. Nf3 g6 3. Bg5 Bg7 4. Nbd2 O-O 5. e3 c5 6. c3 b6 7. Be2 Bb7 8. O-O d5 9. dxc5 bxc5 10. c4 e6 11. Rc1 Qb6 12. Qb3 Nbd7 13. Bxf6 Bxf6 14. Rc2 d4 15. Qxb6 axb6 16. exd4 Rxa2 17. dxc5 bxc5 18. Rfc1 Rxb2 19. Rxb2 Bxb2 20. Rb1 Bxf3 21. Nxf3 Bd4 22. Nxd4 cxd4 23. Rd1 e5 24. f4 f6 25. Kf2 Nc5 0-1

[Event "71st MNE-ch 2019"]
[Site "Podgorica"]
[Date "2019.05.19"]
[Round "2.1"]
[White "Blagojevic, Dragisa"]
[Black "Kontic, Djordjije"]
[Result "1-0"]
[WhiteElo "2499"]
[BlackElo "2264"]
[Annotator "TA"]
[PlyCount "85"]
[EventDate "2019.05.18"]
[EventType "swiss"]
[EventRounds "9"]
[EventCountry "MNE"]
[SourceTitle "playchess.com"]
[Source "ChessBase"]
[SourceQuality "1"]

{[%evp 15,85,25,18,17,52,33,55,19,58,37,43,20,33,38,30,0,26,16,49,60,58,65,41,43,72,66,83,60,103,101,109,74,69,74,115,86,151,148,155,140,214,213,218,216,327,341,333,283,272,265,277,261,299,293,322,326,371,365,567,563,527,512,486,265,265,265,346,265,345,305,325,283]} 1. d4 f5 2. g3 Nf6 3. Bg2 d6 4. c4 g6 5. Nc3 Bg7 6. Nh3 O-O 7. d5 Na6 8. O-O Nc5 9. Be3 {A86: Dutch Defence: Leningrad System: Unusual lines and 5 Nh3} a5 (9... e5 10. dxe6 Nxe6 11. Nf4 Nxf4 12. Bxf4 Nh5 13. Be3 c6 14. Qd2 Be6 15. b3 Qf6 16. Rac1 f4 17. Bxf4 Nxf4 18. gxf4 Qxf4 19. Qxf4 Rxf4 {½-½ (106) Postny,E (2645)-Vovk,A (2644) Fagernes 2015}) 10. Rb1 (10. Nf4 Ng4 11. Bd4 Ne5 12. b3 Bd7 13. e3 c6 14. dxc6 Nxc6 15. Bxg7 Kxg7 16. Rb1 Be8 {1-0 (43) Blagojevic,D (2502)-Kontic,D (2384) Herceg Novi 2007}) 10... Bd7 11. Qd2 $146 {White is slightly better.} ({Predecessor:} 11. Bd4 Qe8 12. f4 c6 13. Nf2 e6 14. dxc6 Bxc6 15. Bxf6 Bxf6 16. Qxd6 Bxg2 17. Kxg2 {0-1 (69) Foisor,C (2412)-Pytel,K (2413) Liege 2008}) 11... Ng4 12. Bd4 Bh6 13. e3 e5 14. dxe6 $1 Nxe6 {And now ...c5 would win.} 15. Ne2 Nxd4 16. Qxd4 Bg7 17. Qd5+ Kh8 18. Qxb7 Rb8 19. Qd5 a4 20. b3 Qe7 21. Qd2 Nf6 22. Nhf4 Ne4 23. Qc2 axb3 24. axb3 c6 25. h4 Ra8 (25... Rb7 $142) 26. b4 $16 Ra3 27. b5 cxb5 (27... Rc8 $16) 28. cxb5 $18 Rc8 29. Qd1 Rc5 (29... Be5 $142 30. Bxe4 fxe4) 30. Bxe4 fxe4 31. Nd4 Ra8 32. b6 Rb8 33. Rb4 Rb7 34. Qb3 Bxd4 35. Rxd4 ({But not} 35. exd4 Rc8 $18) 35... Rb5 36. Qc4 R5xb6 (36... Kg7 $142 37. Rxe4 Qf7 38. Qd4+ Kg8) 37. Nd5 {[%mdl 64] [#] Double Attack} Be6 38. Rxe4 ({Less strong is} 38. Nxe7 Bxc4 39. Nxg6+ (39. Rxc4 Rxe7 40. Rd1 Kg7 $16) 39... Kg7 $18) 38... Bxd5 39. Qxd5 (39. Qc8+ $142 Bg8 40. Rxe7 Rxe7 41. Qc3+ Rg7 42. Ra1) 39... Qf7 {White has a decisive advantage.} 40. Re6 Rb1 41. Rxd6 Rxf1+ 42. Kxf1 {[#] White wants to mate with Qe5+.} Rb1+ 43. Kg2 {Accuracy: White = 55%, Black = 33%.} 1-0

[Event "71st MNE-ch 2019"]
[Site "Podgorica"]
[Date "2019.05.19"]
[Round "2.2"]
[White "Milovic, Jovan"]
[Black "Kalezic, Blazo"]
[Result "1/2-1/2"]
[WhiteElo "2280"]
[BlackElo "2450"]
[Annotator "TA"]
[PlyCount "42"]
[EventDate "2019.05.18"]
[EventType "swiss"]
[EventRounds "9"]
[EventCountry "MNE"]
[SourceTitle "playchess.com"]
[Source "ChessBase"]
[SourceQuality "1"]

{[%evp 9,42,-1,4,-19,16,-45,-48,-46,-34,-53,-49,-70,-56,-66,-93,-168,-106,-116,-136,-264,-95,-74,-56,-37,-43,-42,34,89,95,-197,-198,-239,-171,-152,-131]} 1. d4 d5 2. Nc3 Bf5 3. f3 Nf6 4. Bg5 Bg6 5. Nh3 c5 (5... c6 6. Qd2 Nbd7 7. O-O-O h6 8. Bh4 e6 9. Nf4 Bh7 10. Nh5 Ne4 11. Bxd8 Nxd2 12. Bh4 Nxf1 13. Rhxf1 {0-1 (37) Feygin,M (2503)-Bartel,M (2600) Germany 2018}) 6. e4 $146 {D01: Veresov Opening} ({Predecessor:} 6. Nf4 cxd4 7. Nxg6 hxg6 8. Qxd4 Nc6 9. Qa4 e6 10. e4 Be7 11. O-O-O Nxe4 12. fxe4 Bxg5+ {½-½ (59) Jussupow,A (2134)-Zellner,R (2089) Bayern 2010}) 6... cxd4 7. Qxd4 (7. Bb5+ $11 Nc6 8. exd5 {[%mdl 64] Pin}) 7... Nc6 $15 8. Bb5 {[%cal Re4d5] Black is slightly better.} dxe4 9. Qc4 {[#] aiming for Bxf6.} Rc8 10. Rd1 ({But not} 10. Nxe4 a6 $17) 10... Qb6 11. Nf4 exf3 {Threatens to win with ...a6.} 12. gxf3 {[#]} (12. Bxf6 $17 fxg2 13. Nxg2 exf6 14. Nd5) 12... a6 ({Wrong is} 12... Bxc2 $2 13. Nfd5 $18) (12... Qe3+ $1 $19 13. Qe2 Qxe2+ 14. Kxe2 Bxc2) 13. Ba4 Qe3+ 14. Nce2 (14. Qe2 $17 {was the only defense.} Qxe2+ 15. Kxe2) 14... b5 $2 (14... Qxf3 $19 {is more deadly.} 15. Rf1 Qe4) 15. Nxg6 $17 Qxg5 $40 {[%mdl 128] Black is up to no good.} 16. Nxh8 {[%csl Gh8][%cal Rc4f7]} e6 17. Rd8+ $1 ({Much worse is} 17. h4 Qg2 $17) 17... Nxd8 (17... Rxd8 $15 18. Qxc6+ {[%mdl 64] Double Attack} Rd7) 18. Qxc8 $14 Qh4+ 19. Ng3 $2 {[%mdl 8192]} (19. Kd1 $16 {is necessary to keep the advantage. And now Bb3 would win.} Qxa4 20. Nxf7 Kxf7 21. Qxd8) 19... Qxa4 $19 {Black is clearly better.} 20. O-O Qd4+ {[%mdl 1024] Black has strong compensation.} 21. Kh1 Qd6 {Accuracy: White = 33%, Black = 37%.} 1/2-1/2

[Event "71st MNE-ch 2019"]
[Site "Podgorica"]
[Date "2019.05.19"]
[Round "2.3"]
[White "Nikcevic, Nebojsa"]
[Black "Stankovic, Zarko"]
[Result "1-0"]
[WhiteElo "2435"]
[BlackElo "2218"]
[Annotator "TA"]
[PlyCount "53"]
[EventDate "2019.05.18"]
[EventType "swiss"]
[EventRounds "9"]
[EventCountry "MNE"]
[SourceTitle "playchess.com"]
[Source "ChessBase"]
[SourceQuality "1"]

{[%evp 9,53,10,9,5,76,71,86,63,56,64,82,64,101,102,90,89,89,91,216,101,135,126,231,226,264,237,367,291,281,171,340,342,365,356,364,348,356,349,346,349,366,372,427,421,427,341]} 1. c4 Nf6 2. Nf3 c6 3. Nc3 d5 4. e3 Bg4 5. cxd5 Bxf3 6. Qxf3 {Strongly threatening Bc4. A11: English Opening: 1...c6} Nxd5 (6... cxd5 $11 {remains equal.} 7. d4 a6) (6... cxd5 7. Bb5+ Nc6 8. Bxc6+ bxc6 9. b3 e6 10. Bb2 Be7 11. Rc1 O-O 12. O-O Qa5 13. Rc2 c5 14. d3 Qa6 {½-½ (49) Ivanchuk,V (2710)-Vitiugov,N (2721) Jurmala 2016}) 7. Bc4 {[%cal Rc3d5]} e6 8. O-O {White is better.} Bd6 $146 {And now ...Qh4! would win.} ({Predecessor:} 8... Nd7 9. d4 Qf6 10. Qxf6 N7xf6 11. Rd1 Bb4 12. Bd2 Bxc3 13. Bxc3 Nxc3 14. bxc3 {½-½ (30) Hartmann,R (1800)-Von Saldern,R (1887) Bayern 2013}) 9. d4 Nb6 10. Bb3 N8d7 11. e4 O-O 12. e5 Be7 13. Qg4 Re8 {[#]} (13... Kh8 $16) 14. Bh6 (14. f4 $1 $18 {and the rest is easy.}) 14... Bf8 15. Bg5 Qc7 {[#]} (15... Be7 $16 {keeps fighting.}) 16. f4 $1 $40 {[%mdl 128] White has strong attack.} g6 17. Rac1 Nc8 (17... a5 $142 18. f5 exf5) 18. Kh1 Bg7 19. d5 cxd5 $2 (19... Nc5 {was called for.}) 20. Nxd5 Qb8 21. Nc7 {[%mdl 64] Double Attack} Ncb6 22. Rfd1 ({Don't play} 22. Nxa8 Nxa8 23. Rc3 b6 $18) (22. Nxe8 Qxe8 23. a4 Nf8 $18) 22... Nf8 23. Nxe8 Qxe8 24. Qf3 Rb8 25. Rc7 h6 26. Be7 Nfd7 27. Bd6 {Accuracy: White = 63%, Black = 15%.} 1-0

[Event "71st MNE-ch 2019"]
[Site "Podgorica"]
[Date "2019.05.19"]
[Round "2.4"]
[White "Sukovic, Andrej"]
[Black "Draskovic, Luka"]
[Result "1/2-1/2"]
[WhiteElo "2221"]
[BlackElo "2430"]
[Annotator "TA"]
[PlyCount "131"]
[EventDate "2019.05.18"]
[EventType "swiss"]
[EventRounds "9"]
[EventCountry "MNE"]
[SourceTitle "playchess.com"]
[Source "ChessBase"]
[SourceQuality "1"]

{[%evp 13,131,17,26,8,18,6,22,14,8,16,1,-8,17,16,16,1,1,5,0,0,5,3,6,-41,-41,-52,-68,-54,-61,-62,-58,-166,-162,-154,-142,-148,-145,-193,-121,-137,-135,-157,-151,-168,-154,-152,-137,-179,-161,-156,-89,-198,-11,-17,-17,-17,-17,-17,-17,-18,-22,-10,0,0,0,0,0,-8,0,0,0,0,0,0,0,0,0,0,0,0,0,0,0,0,0,0,0,0,0,0,0,0,0,0,0,0,0,0,0,0,0,0,0,0,0,0,0,0,0,0,0,0,0,0,0,0,0,0,0,0]} 1. e4 c5 2. Nf3 e6 3. d4 cxd4 4. Nxd4 a6 5. Nc3 Qc7 6. Bd3 Nf6 7. f4 Bb4 8. O-O {B43: Sicilian: Kan Variation: 5 Nc3} (8. Bd2 Bxc3 9. Bxc3 Qxf4 10. Qe2 Nc6 11. Rf1 Qh4+ 12. g3 Qg4 13. Nxc6 dxc6 14. Rxf6 Qxe2+ 15. Kxe2 gxf6 16. Bxf6 {1-0 (32) Grischuk,A (2766)-Caruana,F (2816) Leuven 2018}) 8... Bc5 9. Nce2 Nc6 10. c3 $1 d6 11. Kh1 O-O 12. Nxc6 Qxc6 $146 ({Predecessor:} 12... bxc6 13. Ng3 a5 14. e5 Nd7 15. Ne4 g6 {1-0 (55) Klinger,J (2495)-Yap,A Szirak 1985}) 13. e5 Ne4 14. Nd4 Bxd4 $1 15. cxd4 Bd7 16. Qb3 b5 17. Be3 Rfc8 18. f5 dxe5 19. f6 $1 exd4 (19... gxf6 $6 20. dxe5 f5 21. Rad1 $14) 20. Bxd4 {[#] Hoping for Rae1.} g6 $1 ({Wrong is} 20... gxf6 $2 21. Rae1 $18) ({Don't play} 20... Nxf6 $6 21. Bxf6 gxf6 22. Rxf6 $14) 21. Qb4 Qd6 22. Qe1 (22. Qxd6 $15 Nxd6 23. Rfe1) 22... Qxd4 $19 23. Bxe4 Bc6 $36 {[%mdl 2048] Black is really pushing.} ({Don't go for} 23... Qxb2 $2 24. Bxa8 Rxa8 25. Qe4 $18) 24. Bxc6 Rxc6 25. Rd1 Qc5 ({Black should try} 25... Qxb2 $19 26. Qe4 Qc3) 26. Qh4 Qf8 27. Rd3 Rd8 28. Rxd8 Qxd8 $17 {[%mdl 4096] Endgame KQR-KQR} 29. Qh6 {[%csl Gf6][%cal Rh6g7] [#]} Qf8 30. Qe3 h6 31. h3 Kh7 (31... Rc2 $142 32. Rf2 Rxf2 33. Qxf2 Qd8) 32. Rd1 (32. Qa7 $17 {keeps fighting.}) 32... Qc5 $2 (32... Qc8 $19 {Threatens to win with ...Qc7.} 33. b3 Rc5) 33. Qxc5 $1 $11 {The position is equal.} Rxc5 {KR-KR} 34. Rd7 g5 {...Kg6 is the strong threat.} 35. Rxf7+ Kg6 36. Ra7 Kxf6 37. Rxa6 Rc1+ 38. Kh2 Rc2 39. b4 Kf5 40. Kg3 h5 41. Rb6 Rxa2 42. Rxb5+ e5 43. Rb8 h4+ 44. Kh2 Rb2 45. b5 e4 46. b6 {Strongly threatening b7.} Kf4 47. b7 Ke3 48. Kg1 Rb4 49. Kh2 Rb1 50. g4 Rb2+ 51. Kg1 Rb6 52. Kh2 Ke2 (52... Rb1 $5) 53. Kg1 Rb1+ 54. Kh2 Rb2 55. Kg2 Kd3+ 56. Kf1 {Black must now prevent Rd8+.} Ke3 57. Kg1 Rb6 58. Kh2 Ke2 59. Kg2 e3 60. Kh2 Ke1 61. Re8 Rxb7 62. Rxe3+ Kf2 63. Re5 Rb2 64. Rf5+ Ke3+ 65. Kg1 Rb1+ 66. Kg2 {Accuracy: White = 63%, Black = 68%.} 1/2-1/2

[Event "71st MNE-ch 2019"]
[Site "Podgorica"]
[Date "2019.05.19"]
[Round "2.5"]
[White "Drasko, Milan"]
[Black "Kisic, Bozidar"]
[Result "1/2-1/2"]
[WhiteElo "2418"]
[BlackElo "2200"]
[Annotator "TA"]
[PlyCount "36"]
[EventDate "2019.05.18"]
[EventType "swiss"]
[EventRounds "9"]
[EventCountry "MNE"]
[SourceTitle "playchess.com"]
[Source "ChessBase"]
[SourceQuality "1"]

{[%evp 9,36,-28,-17,-20,-20,-18,-9,-6,31,17,22,0,0,0,0,0,16,-14,0,-31,-25,-36,-22,-17,-25,-18,-18,-18,0]} 1. Nf3 Nf6 2. c4 c5 3. g3 Nc6 4. Bg2 d5 5. O-O d4 6. e3 {A30: Symmetrical English: Double Fianchetto and Hedgehog} e5 7. exd4 exd4 8. d3 Bd6 (8... Be7 9. Bf4 O-O 10. Re1 Nh5 11. Bc1 Nf6 12. Na3 a6 13. Ne5 Nxe5 14. Rxe5 Bd6 15. Re1 Rb8 16. Nc2 h6 {½-½ (38) Fedoseev,V (2771)-Anand,V (2758) Riadh 2017}) 9. Re1+ Kf8 10. Bg5 h6 11. Bxf6 Qxf6 12. Nbd2 Qd8 13. a3 g6 $146 ({Predecessor:} 13... a5 14. Qb3 g6 15. Re2 {0-1 (49) Arsovic,Z (2441)-Andonov,B (2418) Struga 2005}) 14. Re2 Kg7 15. Qc2 a5 16. Rae1 Qc7 17. Ne4 Be7 18. Ned2 Bd6 {Accuracy: White = 71%, Black = 58%.} 1/2-1/2

[Event "71st MNE-ch 2019"]
[Site "Podgorica"]
[Date "2019.05.19"]
[Round "2.6"]
[White "Vujacic, Igor"]
[Black "Lekic, Dusan"]
[Result "1-0"]
[WhiteElo "2205"]
[BlackElo "2352"]
[Annotator "RC"]
[PlyCount "83"]
[EventDate "2019.05.18"]
[EventType "swiss"]
[EventRounds "9"]
[EventCountry "MNE"]
[SourceTitle "playchess.com"]
[Source "ChessBase"]
[SourceQuality "1"]
[TimeControl "40/5400+30:1800+30"]

1. e4 c5 2. Nf3 d6 3. c3 Nf6 4. h3 Nc6 5. Bd3 d5 6. exd5 Qxd5 7. Qe2 e6 8. O-O Be7 9. Rd1 O-O 10. Bc4 Qh5 11. d4 cxd4 12. Nxd4 Qxe2 13. Bxe2 Bd7 14. Bf3 Rad8 15. Be3 e5 16. Nxc6 Bxc6 17. Nd2 e4 18. Be2 Nd5 19. Bxa7 f5 20. Bd4 Nf4 21. Bf1 Kh8 22. Nc4 Ne6 23. Bb6 Ra8 24. Ne5 Ba4 25. b3 Bf6 26. Bd4 Nxd4 27. cxd4 Be8 28. f4 exf3 29. gxf3 Rd8 30. Be2 Bg5 31. Kf1 Rd6 32. a4 Bh5 33. b4 Bf4 34. a5 Re8 35. b5 Be3 36. Nc4 Rg6 37. Nxe3 Rxe3 38. a6 bxa6 39. bxa6 Bxf3 40. Kf2 Rxe2+ 41. Kxf3 Rgg2 42. Rf1 1-0